[Event "Titled Tue 17th Jun Early"]
[Site "chess.com INT"]
[Date "2025.06.17"]
[Round "2"]
[White "Odegov, Artem"]
[Black "Hobaica, Juan Pablo"]
[Result "1/2-1/2"]
[WhiteTitle "FM"]
[BlackTitle "IM"]
[WhiteElo "2244"]
[BlackElo "2386"]
[WhiteFideId "34183644"]
[BlackFideId "104159"]
[EventDate "2025.06.17"]

1. d4 e6 2. Nf3 f5 3. h3 c5 4. g4 b6 5. d5 Bb7 6. Nc3 Nf6 7. dxe6 fxg4 8. hxg4
Be7 9. g5 Ng4 10. Rh4 Bxf3 11. exf3 Ne5 12. Qd5 Nbc6 13. exd7+ Qxd7 14. Qxd7+
Kxd7 15. Bh3+ Kc7 16. Bf4 Kb7 17. O-O-O Rad8 18. Rxd8 Bxd8 19. Ne4 Ng6 20. Rg4
Rf8 21. Be3 Rxf3 22. Bg2 Rf8 23. f4 Kc7 24. Nc3 Nd4 25. Bxd4 cxd4 26. Nb5+ Kd7
27. Bh3 Ke7 28. Nxd4 Rxf4 29. Nc6+ Kd6 30. Nxd8 Rxg4 31. Bxg4 Ne5 32. Bf5 g6 33.
Be4 Kd7 34. Nb7 Nf7 35. Kd2 Nxg5 36. Bg2 h5 37. Ke3 h4 38. Kf4 h3 39. Bh1 Ne6+
40. Ke5 g5 41. Kf5 Nd4+ 42. Kxg5 Nxc2 43. a3 Ne3 44. b3 Nc2 45. a4 Nd4 46. b4
Nc2 47. b5 Ne3 48. Kh4 h2 49. Kh3 Nc4 50. Kxh2 Nb2 51. a5 bxa5 52. Nxa5 Na4 53.
Kg3 Nc3 54. Bc6+ Kc7 55. Be8 Kb6 56. Nc4+ Kc5 57. Na3 Kb4 58. Nc2+ Kc5 59. Kf4
Nxb5 60. Ne1 Nd6 61. Ba4 a5 62. Ke3 Nc4+ 63. Ke4 Nb2 64. Bb3 Kb4 65. Ba2 Kc3 66.
Ke3 a4 67. Nf3 a3 68. Nd2 Na4 69. Ne4+ Kb2 70. Bd5 Nc3 71. Nxc3 Kxc3 72. Be6 Kb2
73. Bd5 a2 74. Bxa2 1/2-1/2

[Event "Titled Tue 17th Jun Early"]
[Site "chess.com INT"]
[Date "2025.06.17"]
[Round "2"]
[White "Gilfanov, Marat I"]
[Black "Bluebaum, Matthias"]
[Result "1-0"]
[WhiteTitle "FM"]
[BlackTitle "GM"]
[WhiteElo "2343"]
[BlackElo "2663"]
[WhiteFideId "34372164"]
[BlackFideId "24651516"]
[EventDate "2025.06.17"]

1. e4 e6 2. d4 d5 3. Nc3 Nf6 4. e5 Nfd7 5. f4 c5 6. Nf3 Nc6 7. Be3 Rb8 8. h4 Qa5
9. h5 b5 10. Qd2 b4 11. Ne2 f6 12. g3 Be7 13. Bh3 Nb6 14. b3 O-O 15. dxc5 Bxc5
16. Ned4 Nxd4 17. Nxd4 Bxd4 18. Bxd4 Qb5 19. h6 f5 20. hxg7 Rf7 21. Bf1 Qc6 22.
Bd3 Rxg7 23. Qxb4 Nd7 24. Qa5 Nb6 25. O-O-O Bd7 26. Rh4 Be8 27. Rdh1 Rc8 28. Qd2
Bg6 29. g4 fxg4 30. Rxg4 Nd7 31. Bxg6 hxg6 32. Qd3 Nf8 33. Rgh4 a5 34. a4 Qe8
35. Rh8+ Kf7 36. Kb2 Rb8 37. Qa6 Qd7 38. Qxa5 Rc8 39. Qb5 Qc7 40. Qd3 Nd7 41.
R8h7 Rg8 42. Rxg7+ Rxg7 43. Qc3 Qxc3+ 44. Kxc3 g5 45. fxg5 Rxg5 46. Rf1+ Ke8 47.
Re1 Kd8 48. b4 Kc7 49. b5 Rg4 50. Re3 Nb6 51. a5 Nc4 52. Rh3 Nxa5 53. Rh7+ Kc8
54. Re7 Nc4 55. Rxe6 Na3 56. Rb6 Nb1+ 57. Kd3 Rg3+ 58. Ke2 Na3 59. e6 Kd8 60.
Rb8+ Ke7 61. Bc5+ Kxe6 62. b6 Kd7 63. b7 Kc7 64. Bd6+ Kc6 65. Bxg3 Nxc2 66. Rc8+
Kxb7 67. Rxc2 d4 68. Kd3 Kb6 69. Kxd4 Kb5 70. Be1 Ka4 1-0

[Event "Titled Tue 17th Jun Early"]
[Site "chess.com INT"]
[Date "2025.06.17"]
[Round "2"]
[White "Devaev, Alexander"]
[Black "Agarwal, Amaya"]
[Result "1-0"]
[WhiteTitle "FM"]
[BlackTitle "WCM"]
[WhiteElo "2306"]
[BlackElo "2004"]
[WhiteFideId "4169395"]
[BlackFideId "48733580"]
[EventDate "2025.06.17"]

1. d4 d5 2. c4 e6 3. Nc3 Be7 4. Nf3 Nf6 5. e3 O-O 6. b3 Nbd7 7. Bb2 b6 8. cxd5
Nxd5 9. Nxd5 exd5 10. Bd3 Nf6 11. O-O c5 12. Rc1 cxd4 13. Nxd4 Bb7 14. Nf5 Re8
15. Nxe7+ Qxe7 16. Qc2 Rac8 17. Qb1 Ne4 18. Rfd1 Qg5 19. Bd4 Rxc1 20. Qxc1 Rc8
21. Qb2 h6 22. Be5 Nc5 23. Bf1 Ne6 24. Bg3 h5 25. h4 Qg6 26. Bd3 Qf6 27. Qe2 Nc5
28. Qxh5 Nxd3 29. Rxd3 Rc1+ 30. Kh2 Qh6 31. Qe5 Kh7 32. Rd4 Rc6 33. Rf4 Rg6 34.
Rxf7 Bc8 35. Rf4 Bg4 36. a3 Bh5 37. b4 Rg4 38. Rxg4 Bxg4 39. Qxd5 Be6 40. Qe4+
Qg6 41. Qxg6+ Kxg6 42. Bb8 a6 43. Bc7 b5 44. Kg3 Bb3 45. f3 Bd5 46. e4 Bc4 47.
Kf4 Bf1 48. g4 Bg2 49. h5+ Kf7 50. Be5 g6 51. h6 Kg8 52. g5 Kh7 53. Bf6 Bh3 54.
Ke3 Bc8 55. f4 Bd7 56. Kd4 Bc8 57. Ke5 Bd7 58. Bg7 Be8 59. f5 gxf5 60. exf5 Bf7
61. g6+ Bxg6 62. fxg6+ Kxg6 63. Kd6 Kh7 64. Kc7 Kg6 65. Kb6 Kh7 66. Kxa6 Kg6 67.
Kxb5 Kh7 68. a4 Kg6 69. a5 Kh7 70. a6 Kg6 71. a7 Kh7 72. a8=Q Kg6 73. Qe4+ Kf7
74. Qf5+ Kg8 75. Bf6 Kf7 76. h7 Ke8 77. h8=Q+ Kf7 78. Qd7+ Kg6 79. Qhg7+ Kh5 80.
Qh3# 1-0

[Event "Titled Tue 17th Jun Early"]
[Site "chess.com INT"]
[Date "2025.06.17"]
[Round "2"]
[White "Nurgaliyeva, Zarina"]
[Black "Siddharth, Jagadeesh"]
[Result "1-0"]
[WhiteTitle "WFM"]
[BlackTitle "GM"]
[WhiteElo "2252"]
[BlackElo "2461"]
[WhiteFideId "13730096"]
[BlackFideId "5818320"]
[EventDate "2025.06.17"]

1. e4 d6 2. d4 Nf6 3. Nc3 e5 4. Nf3 Nbd7 5. Bc4 Be7 6. O-O O-O 7. a4 c6 8. Re1
h6 9. Ba2 Re8 10. h3 a5 11. Be3 exd4 12. Bxd4 Nf8 13. e5 dxe5 14. Bxe5 Be6 15.
Qxd8 Rexd8 16. Bxe6 Nxe6 17. Red1 Nd7 18. Bd6 Bxd6 19. Rxd6 Ndc5 20. Rad1 Rxd6
21. Rxd6 Kf8 22. Ne5 Ke7 23. Nc4 Na6 24. Ne4 Nec5 25. Nxc5 Nxc5 26. b3 Na6 27.
Rd2 Nb4 28. Nd6 Rb8 29. Nf5+ Kf6 30. Ne3 b5 31. c3 bxa4 32. bxa4 Nd5 33. Nxd5+
cxd5 34. Rxd5 Rb3 35. c4 Rb4 36. Rxa5 Rxc4 37. g3 Rc1+ 38. Kg2 Ra1 39. Kf3 g5
40. Ra6+ Kg7 41. Kg4 Ra3 42. a5 Ra4+ 43. Kh5 Ra2 44. Rxh6 Rxf2 45. Rc6 Rf3 46.
Kg4 Ra3 47. a6 f6 48. Kh5 Kf7 49. Rc7+ Ke6 50. a7 Kf5 51. Kh6 g4 52. h4 Ke5 53.
Kg6 f5 54. h5 f4 55. h6 Ra6+ 56. Kg7 fxg3 57. h7 g2 58. h8=Q g1=Q 59. Kh7+ Rf6
60. Re7+ Kf5 61. a8=Q Qh2+ 62. Kg8 Rg6+ 63. Rg7 Qd6 64. Qc8+ Kf4 65. Qf8+ Qxf8+
66. Kxf8 Rxg7 67. Kxg7 g3 68. Qh1 Ke3 69. Qg1+ Kf3 70. Kg6 g2 71. Kh5 Kg3 72.
Kg5 Kf3 73. Kh4 1-0

[Event "Titled Tue 17th Jun Early"]
[Site "chess.com INT"]
[Date "2025.06.17"]
[Round "2"]
[White "Hernandez Bermudez, Ulises Eduardo"]
[Black "Sakmak, Kutay"]
[Result "0-1"]
[BlackTitle "CM"]
[WhiteElo "2042"]
[BlackElo "2158"]
[WhiteFideId "3902510"]
[BlackFideId "44581939"]
[EventDate "2025.06.17"]

1. e4 c6 2. d4 d5 3. exd5 cxd5 4. c4 e6 5. c5 Nf6 6. Nf3 Nc6 7. Nc3 b6 8. Bb5
Bd7 9. Bxc6 Bxc6 10. b4 bxc5 11. bxc5 Be7 12. O-O O-O 13. Bf4 Ne4 14. Qc2 Qa5
15. Nxe4 dxe4 16. Ne5 Bd5 17. Rfc1 Rac8 18. a4 Rfd8 19. Rab1 f6 20. Nc4 Qa6 21.
Ne3 Ba8 22. Rd1 e5 23. dxe5 Rxd1+ 24. Rxd1 Rxc5 25. Qb3+ Kh8 26. exf6 Bxf6 27.
Be5 Rc8 28. Bxf6 Qxf6 29. h3 Rf8 30. Rd2 Bc6 31. Qb4 h6 32. a5 Qa1+ 33. Kh2 Qe5+
34. g3 Qf6 35. Rd6 Qxf2+ 36. Ng2 Ba8 37. Rd2 Qf3 38. Ne3 Kh7 39. Qd4 Rf7 40. Ng2
a6 41. Qe3 Qf5 42. Qb6 Rf6 43. Qd8 Bc6 44. Qd4 Qe6 45. Re2 Rg6 46. g4 Qf6 47.
Qxf6 Rxf6 48. Kg3 Rf3+ 49. Kh2 Ra3 50. Nf4 Rxa5 51. Re3 Re5 52. Kg3 a5 53. Nd3
Rd5 54. Nf4 Rd4 55. Ne6 Rc4 56. Kf4 a4 57. Ra3 g5+ 58. Kf5 Rb4 59. Nf8+ Kg7 60.
Ne6+ Kh7 61. Rc3 Bd7 62. Rc7 e3 63. Rxd7+ Kh8 64. Kg6 Rb8 65. Rh7+ Kg8 66. Rg7+
Kh8 67. Re7 e2 68. Ng7 Rg8 69. Rxe2 Rxg7+ 70. Kxh6 Rg8 71. Ra2 Ra8 72. Kxg5 Kg7
73. Kh4 Kf6 74. Kh5 Rh8# 0-1

[Event "Titled Tue 17th Jun Early"]
[Site "chess.com INT"]
[Date "2025.06.17"]
[Round "2"]
[White "Nitish, Belurkar"]
[Black "Przybylski, Bartosz"]
[Result "1-0"]
[WhiteTitle "IM"]
[BlackTitle "CM"]
[WhiteElo "2454"]
[BlackElo "2101"]
[WhiteFideId "5084768"]
[BlackFideId "21878323"]
[EventDate "2025.06.17"]

1. e4 c5 2. Nf3 d6 3. Bc4 e6 4. d4 cxd4 5. Qxd4 Nc6 6. Qd3 a6 7. a3 Nf6 8. Nc3
Be7 9. O-O b5 10. Bb3 Bb7 11. Bf4 O-O 12. Rad1 e5 13. Bg5 Rc8 14. Bxf6 Bxf6 15.
Qxd6 Nd4 16. Qxd8 Rfxd8 17. Nxd4 exd4 18. Nd5 Bxd5 19. exd5 g6 20. Rd3 a5 21.
Rf3 Kg7 22. a4 bxa4 23. Bxa4 Rxd5 24. Rd1 Rdd8 25. g3 Rb8 26. b3 Rdc8 27. Rd2
Rc5 28. Kg2 h5 29. Re2 Rbc8 30. b4 axb4 31. Bb3 Rc3 32. Rxc3 bxc3 33. Kf3 Rb8
34. Bc4 Rb1 35. Bd3 Rh1 36. Kg2 Ra1 37. f4 g5 38. fxg5 Bxg5 39. Re5 Be3 40. Rxh5
Rg1+ 41. Kf3 Rd1 42. Ke4 Rd2 43. h3 Rg2 44. g4 f6 45. Kd5 Rd2 46. Kc4 Rg2 47.
Bf5 Rh2 48. Rh7+ Kg8 49. h4 Rf2 50. Rd7 Rh2 51. h5 Rh4 52. Rc7 Rh2 53. Kd5 Re2
54. Rc8+ Kg7 55. Rc7+ Kg8 56. Kc4 Rf2 57. Rd7 Rd2 58. Rb7 Rf2 59. Kb3 Rd2 60.
Rc7 Re2 61. Rd7 Rf2 62. Rd6 Kg7 63. Rd7+ Kg8 64. Kc4 Rd2 65. Be6+ Kh8 66. Rd8+
Kg7 67. Rg8+ Kh7 68. Rc8 Rxc2 69. Bf5+ Kg7 70. Bxc2 Bf4 71. Kxd4 Be5+ 72. Ke4
Kh6 73. Kf5 Kg7 74. Rc5 Kh6 75. g5+ fxg5 76. Rxe5 Kxh5 77. Bd1+ Kh4 78. Re4+ g4
79. Rxg4+ Kh3 80. Kf4 c2 81. Bxc2 Kh2 82. Kf3 Kh3 83. Bf5 Kh2 84. Kf2 Kh3 85.
Rf4+ Kh2 86. Rh4# 1-0

[Event "Titled Tue 17th Jun Early"]
[Site "chess.com INT"]
[Date "2025.06.17"]
[Round "2"]
[White "Bulgak, Damir"]
[Black "Tristan, Leonardo"]
[Result "1-0"]
[WhiteTitle "CM"]
[BlackTitle "GM"]
[WhiteElo "2213"]
[BlackElo "2536"]
[WhiteFideId "13528882"]
[BlackFideId "113816"]
[EventDate "2025.06.17"]

1. d4 d5 2. c4 e6 3. Nf3 Nf6 4. Nc3 a6 5. Bg5 dxc4 6. e4 b5 7. e5 h6 8. Bh4 g5
9. Nxg5 hxg5 10. Bxg5 Nbd7 11. exf6 Bb7 12. d5 Nc5 13. g3 exd5 14. Bg2 Nd3+ 15.
Kf1 Bc5 16. Qe2+ Kf8 17. h4 Nxf2 18. Qe7+ Kg8 19. Qxc5 Nxh1 20. Bxh1 Qd7 21.
Nxd5 Bxd5 22. Qxd5 Qxd5 23. Bxd5 Rd8 24. Be4 Rd6 25. Re1 Kf8 26. Re2 Re6 27. Bd5
Rd6 28. Be4 Re6 29. Bf5 Rd6 30. Kg2 Rd5 31. Be4 Re5 32. Bf4 Re6 33. Bxc7 Rh5 34.
Rd2 Rxe4 35. Rd8+ Re8 36. Bd6+ Kg8 37. Rxe8+ Kh7 38. Rf8 Kg6 39. Be7 Rd5 40.
Rg8+ Kf5 41. Rg5+ Ke6 42. Rxd5 Kxd5 43. h5 b4 44. h6 c3 45. bxc3 b3 46. h7 b2
47. h8=Q b1=Q 48. Qd8+ Ke4 49. Qd4+ Kf5 50. Qf4+ Ke6 51. Qe3+ Kf5 52. Qf3+ Ke6
53. Qe2+ Kd7 54. c4 Qb7+ 55. Kh2 Qc6 56. Qd3+ Kc8 57. Qd8+ Kb7 58. c5 Qf3 59.
Qb6+ Kc8 60. Qxa6+ Kd7 61. Qd6+ Kc8 62. Qd8+ Kb7 63. Qd2 Qh5+ 64. Kg2 Qf5 65.
Qf2 Qg6 66. Qf3+ Kc7 67. Bd6+ Kd7 68. Qb7+ Ke6 69. Qe7+ Kd5 70. Qe5+ Kc6 71. Qe2
Qf5 72. Qf3+ Kb5 73. Qxf5 Ka4 74. Qd5 Ka3 75. Qxf7 Ka4 76. Qe7 Ka3 77. f7 Ka4
78. f8=Q Kb5 79. Qb8+ Kc6 80. Qeb7# 1-0

[Event "Titled Tue 17th Jun Early"]
[Site "chess.com INT"]
[Date "2025.06.17"]
[Round "2"]
[White "Goodrich, Elliott"]
[Black "Yanev, Tihomir"]
[Result "1-0"]
[BlackTitle "IM"]
[WhiteElo "2019"]
[BlackElo "2354"]
[WhiteFideId "39902064"]
[BlackFideId "2910110"]
[EventDate "2025.06.17"]

1. e4 e5 2. Nf3 Nc6 3. Bc4 Bc5 4. c3 Nf6 5. d4 exd4 6. e5 d5 7. Bb5 Ne4 8. cxd4
Bb6 9. Nc3 O-O 10. Be3 Nxc3 11. bxc3 Ne7 12. O-O c6 13. Bd3 Bf5 14. a4 f6 15. c4
Bxd3 16. Qxd3 dxc4 17. Qxc4+ Qd5 18. Qc3 Ba5 19. Qc2 Ng6 20. Rad1 Rae8 21. Qb1
Bb6 22. h4 f5 23. h5 Ne7 24. Bf4 h6 25. Rfe1 Qe6 26. Nh4 Nd5 27. Ng6 Rf7 28. Qc1
Rd7 29. Rd3 Kh7 30. Rg3 Bxd4 31. a5 c5 32. Nh4 Qf7 33. Rg6 Nxf4 34. Qxf4 Rde7
35. Nxf5 Bxe5 36. Qg4 Bf6 37. Nxe7 Rxe7 38. Qf5 Kg8 39. Rxe7 Qxe7 40. Qc8+ Kf7
41. g3 b6 42. axb6 axb6 43. Qc6 Qd8 44. Kg2 Qd4 45. Qb7+ Kg8 46. Qc8+ Kh7 47.
Qf5 Kg8 48. Rg4 Qe5 49. Qc8+ Kh7 50. Qc6 b5 51. Re4 Qf5 52. Rf4 Qxh5 53. Qxb5
Qe5 54. Qd3+ Kg8 55. Rf5 Qe6 56. Rxc5 Kf7 57. Rc7+ Be7 58. Rd7 Ke8 59. Rd5 Qf6
60. Qe4 Kf7 61. Re5 Ke8 62. Re6 Qf7 63. Qa8+ Kd7 64. Qc6+ Kd8 65. Re4 Bf6 66.
Re3 Qd7 67. Qe4 Kc7 68. Rd3 Qc6 69. Qxc6+ Kxc6 70. Kf3 Kc7 71. Kg4 Kc6 72. Kf5
Kc5 73. Kg6 Kc4 74. Rf3 Bd4 75. Rf7 Kd5 76. Rxg7 Bxf2 77. Kxh6 Ke6 78. Rg6+ Kf5
79. g4+ Kf4 80. g5 Be3 81. Rf6+ Kg4 82. Rg6 Kf5 83. Kh5 Bf4 84. Rg8 Ke6 85. Kh6
Be5 86. Kh7 Kf7 87. g6+ Ke7 88. Ra8 Kf6 89. g7 Kf5 90. g8=Q Ke4 91. Qg6+ Kd4 92.
Ra4+ Ke3 93. Qc2 1-0

[Event "Titled Tue 17th Jun Early"]
[Site "chess.com INT"]
[Date "2025.06.17"]
[Round "2"]
[White "Krzesaj, Robert"]
[Black "Thomforde-Toates, Noah"]
[Result "1/2-1/2"]
[WhiteTitle "FM"]
[WhiteElo "2391"]
[BlackElo "2128"]
[WhiteFideId "1123521"]
[BlackFideId "30951992"]
[EventDate "2025.06.17"]

1. d4 Nf6 2. c4 g6 3. g3 Bg7 4. Bg2 O-O 5. Nc3 d6 6. Nf3 Nc6 7. O-O e5 8. dxe5
Nxe5 9. Nxe5 dxe5 10. Qxd8 Rxd8 11. Bg5 Rd7 12. Rfd1 c6 13. Na4 Rxd1+ 14. Rxd1
Be6 15. b3 Nd7 16. Be3 Bf8 17. h4 f6 18. Kh2 Kf7 19. Bh3 Bxh3 20. Kxh3 Ke6 21.
g4 Bb4 22. f3 b5 23. cxb5 cxb5 24. Nb2 a5 25. Nd3 Be7 26. Rc1 Ra6 27. Kg2 a4 28.
h5 f5 29. hxg6 hxg6 30. gxf5+ gxf5 31. Rc7 Bd6 32. Rb7 axb3 33. axb3 Ra2 34. Kf1
Ra1+ 35. Kg2 Ra5 36. b4 Ra2 37. Kf2 e4 38. fxe4 fxe4 39. Nc5+ Bxc5 40. bxc5 Ne5
41. Bd4 Nc6 42. Ke3 Kd5 43. Rd7+ Kc4 44. Rd6 Nxd4 45. Rxd4+ Kxc5 46. Rxe4 b4 47.
Kd3 Kb5 48. Re8 Ra7 49. Kc2 Ka4 50. Kb2 Rd7 51. Ra8+ Kb5 52. Rb8+ Kc5 53. Rc8+
Kd4 54. Kb3 Ke3 55. Kxb4 Kxe2 56. Rc5 Kd3 57. Kb5 Kd4 58. Rc6 Rh7 59. Rd6+ Ke5
60. Rd1 Rh2 61. Re1+ Kd4 62. Rd1+ Kc3 63. Kc5 Rh5+ 64. Rd5 Rh4 65. Rg5 Rc4+ 66.
Kd6 Kb4 67. Rh5 Rg4 68. Re5 Kc4 69. Rc5+ Kd4 70. Rd5+ Kc4 71. Rc5+ Kb4 72. Rf5
Re4 73. Re5 Rf4 74. Rh5 Rf6+ 75. Ke5 Rf8 76. Rh4+ Kc5 77. Rh1 Re8+ 78. Kf6 Re2
79. Rc1+ Kd5 80. Rd1+ Ke4 81. Rd8 Rf2+ 82. Ke6 Rh2 83. Rf8 Ra2 84. Rd8 Ra6+ 85.
Rd6 Ra7 86. Rd7 Ra5 87. Rd1 Ra6+ 88. Rd6 Ra1 89. Rd8 Re1 90. Ra8 Kf4+ 91. Kd5
Rd1+ 92. Kc4 Rd7 93. Rf8+ Ke3 94. Re8+ Kd2 95. Rh8 Rc7+ 96. Kd5 Rd7+ 97. Ke6 Rd4
98. Rh2+ Kc3 99. Rh3+ Kc4 100. Rh1 Re4+ 101. Kd6 Rg4 102. Rc1+ Kd3 103. Rd1+ Ke2
104. Rd5 Rg6+ 105. Kc5 Ke3 1/2-1/2

[Event "Titled Tue 17th Jun Early"]
[Site "chess.com INT"]
[Date "2025.06.17"]
[Round "2"]
[White "Cori Quispe, Kevin Joel"]
[Black "Kholyavko, Mariya"]
[Result "1-0"]
[WhiteTitle "GM"]
[BlackTitle "WFM"]
[WhiteElo "2464"]
[BlackElo "2175"]
[WhiteFideId "3814017"]
[BlackFideId "13748505"]
[EventDate "2025.06.17"]

1. e4 b6 2. d4 Bb7 3. Bd3 g6 4. Nf3 Bg7 5. h4 h6 6. c3 e6 7. Qe2 Ne7 8. Nbd2 d6
9. Nf1 Nd7 10. Ng3 c5 11. Bd2 Qc7 12. a4 a6 13. O-O O-O 14. Rac1 Nc6 15. Be3 e5
16. d5 Ne7 17. h5 f5 18. Bd2 f4 19. Nh1 g5 20. Nh2 Nf6 21. Ng4 Nxg4 22. Qxg4 Bc8
23. Qd1 g4 24. Be2 Qd7 25. c4 a5 26. Rc3 Rf7 27. Rb3 Bf8 28. Rxb6 Rg7 29. Rb3 f3
30. Ng3 fxe2 31. Qxe2 Qxa4 32. Ra3 Qc2 33. Bc3 Qxe2 34. Nxe2 a4 35. Rfa1 Bd7 36.
b3 Nc8 37. Bd2 Nb6 38. Bxh6 Rh7 39. Bxf8 Rxf8 40. Rc1 Rxh5 41. bxa4 Nxa4 42. Ng3
Rh7 43. Rb1 Rhf7 44. Rb7 Be8 45. Rb8 Bd7 46. Rb7 Ra8 47. Nh5 Kf8 48. Rab3 Be8
49. Rxf7+ Kxf7 50. Rb7+ Kg6 51. Ng7 Bf7 52. Nf5 Rd8 53. Ne7+ Kf6 54. Nc6 Ra8 55.
Rd7 Nb2 56. Rxd6+ Kg7 57. Nxe5 Kf8 58. Rf6 Ra7 59. Rf4 Ke8 60. Rxg4 Re7 61. f4
Nd1 62. Rg7 Ne3 63. Rh7 Bg8 64. Rh8 Rg7 65. Kf2 Ke7 66. Kxe3 Rxg2 67. f5 Kf8 68.
Ng6+ Kg7 69. Rh3 Bf7 70. Nf4 Rc2 71. Rg3+ Kf6 72. Nd3 Rxc4 73. Kf4 Rc2 74. e5+
Ke7 75. d6+ Ke8 76. e6 Bxe6 77. fxe6 Kf8 78. Ne5 Rc3 79. Rxc3 c4 80. Rxc4 Kg7
81. Rc7+ Kf6 82. e7 Ke6 83. e8=Q+ Kxd6 84. Qd7# 1-0

[Event "Titled Tue 17th Jun Early"]
[Site "chess.com INT"]
[Date "2025.06.17"]
[Round "2"]
[White "Anakok, Deniz"]
[Black "Di Nicolantonio, Lucas"]
[Result "1-0"]
[WhiteTitle "CM"]
[BlackTitle "IM"]
[WhiteElo "2058"]
[BlackElo "2413"]
[WhiteFideId "51603586"]
[BlackFideId "680460"]
[EventDate "2025.06.17"]

1. e4 c6 2. Nc3 d5 3. Nf3 dxe4 4. Nxe4 Nf6 5. Qe2 Nxe4 6. Qxe4 Nd7 7. Bc4 Nf6 8.
Ne5 e6 9. Qe2 b5 10. Bd3 Bd6 11. O-O Qc7 12. f4 O-O 13. a4 Nd5 14. axb5 Nxf4 15.
Rxf4 Bxe5 16. Rh4 f5 17. bxc6 Bf6 18. Rh3 Qxc6 19. c3 e5 20. Bc4+ Be6 21. Bb5
Qb6+ 22. Kh1 f4 23. Ra6 Bxh3 24. Rxb6 axb6 25. gxh3 Ra1 26. Qf1 e4 27. Bc6 e3
28. d4 e2 29. Qxe2 Rxc1+ 30. Kg2 g6 31. Be4 Kg7 32. Qb5 Re1 33. Bf3 Re6 34. Qd7+
Re7 35. Qc6 Rb8 36. d5 Be5 37. d6 Rf7 38. Qd5 Bf6 39. Bg4 Rd8 40. Be6 Rff8 41.
d7 h5 42. Qc6 Rf7 43. Bxf7 Kxf7 44. Qd5+ Ke7 45. Qe4+ Kxd7 46. Qxf4 Ke6 47. Qe4+
Be5 48. Qxg6+ Bf6 49. Qe4+ Kf7 50. Qb7+ Kg6 51. Qxb6 Rd2+ 52. Kf3 Rd3+ 53. Ke4
Rxh3 54. Qg1+ Bg5 55. Qg2 Re3+ 56. Kd5 h4 57. Kc4 h3 58. Qg4 Kf6 59. Qd4+ Re5
60. Qf2+ Ke6 61. Qg3 Rf5 62. Qxh3 Kf6 63. Qg3 Rf4+ 64. Kc5 Rf5+ 65. Kc6 Rf4 66.
h4 Rc4+ 67. Kd5 Rxh4 68. Qf3+ Rf4 69. Qd3 Rf5+ 70. Kc4 Rf4+ 71. Kb3 Ke5 72. Qb5+
Kf6 73. c4 Rf5 74. Qb6+ Ke5 75. c5 Rf6 76. Qc7+ Kd5 77. Ka4 Be3 78. b4 Bd4 79.
Qd7+ Kc4 80. c6 Rf1 81. Qe6+ Kc3 82. Kb5 Rb1 83. Qd6 Rb3 84. c7 Kb2 85. c8=Q Bc3
86. Qc4 Ka3 87. Qxb3+ Kxb3 88. Qd5+ Ka3 89. Qc4 Bb2 90. Kc5 Ka4 91. b5+ Ka5 92.
Qa2+ Ba3+ 93. Qxa3# 1-0

[Event "Titled Tue 17th Jun Early"]
[Site "chess.com INT"]
[Date "2025.06.17"]
[Round "2"]
[White "Sutormin, Danila"]
[Black "Chen, Ryo"]
[Result "1/2-1/2"]
[WhiteTitle "FM"]
[BlackTitle "IM"]
[WhiteElo "2381"]
[BlackElo "2395"]
[WhiteFideId "24108669"]
[BlackFideId "7003072"]
[EventDate "2025.06.17"]

1. e4 c5 2. Nf3 d6 3. d4 cxd4 4. Nxd4 Nf6 5. Nc3 Nc6 6. Bg5 e6 7. Qd2 Qb6 8.
O-O-O Qxd4 9. Qxd4 Nxd4 10. Rxd4 a6 11. f4 Bd7 12. e5 dxe5 13. fxe5 h6 14. Bh4
g5 15. Bf2 Nd5 16. Nxd5 exd5 17. Rxd5 Bc6 18. Rd1 Bg7 19. Bc4 Bxg2 20. Rhe1 Kf8
21. Bc5+ Kg8 22. e6 f5 23. e7+ Kh7 24. Bf7 Bc6 25. Rd6 Be8 26. Be6 Bg6 27. Bd7
Rhe8 28. Bxe8 Rxe8 29. Rd8 Bf6 30. Rd6 Bg7 31. Rb6 f4 32. Rxb7 g4 33. Bd6 f3 34.
Bg3 Bf6 35. Rb6 Bg5+ 36. Kb1 h5 37. Rxa6 h4 38. Bf2 Kg7 39. Rae6 Bf4 40. Bd4+
Kh7 41. Bf2 g3 42. hxg3 Bxg3 43. Rg1 Bf5 44. Bxg3 hxg3 45. Rxg3 Bxe6 46. Rxf3
Rxe7 47. b3 Kg6 48. Rf2 Bf5 49. Kb2 Kf6 50. a4 Ke6 51. b4 Be4 52. Re2 Kd5 53.
Kb3 Kd4 54. c3+ Kd3 55. Rh2 Bd5+ 56. Kb2 Re3 57. a5 Bc4 58. Rg2 Rf3 59. Rh2 Re3
60. Rg2 Bb5 61. Rh2 Re4 62. Rh3+ Kc4 63. Rg3 Re2+ 64. Kc1 Kb3 65. Kd1 Rc2 66.
c4+ Kxc4 67. Kxc2 Kxb4 68. Rg5 Kxa5 69. Kc3 Kb6 70. Kb4 Bf1 71. Rg6+ Kc7 72. Kc5
Kd7 73. Kd5 Ke7 74. Ke5 Bc4 75. Rg7+ Kf8 76. Rc7 Ba2 77. Kf6 Kg8 78. Rc8+ Kh7
79. Rc2 Bb3 80. Rh2+ Kg8 81. Rb2 Bc4 82. Rb8+ Kh7 83. Rd8 Ba2 84. Rd7+ Kg8 85.
Kg6 Kh8 86. Rd8+ Bg8 87. Rd4 Bh7+ 88. Kf6 Bg8 89. Rh4+ Bh7 90. Rh3 Kg8 91. Rxh7
Kxh7 1/2-1/2

[Event "Titled Tue 17th Jun Early"]
[Site "chess.com INT"]
[Date "2025.06.17"]
[Round "2"]
[White "Bagrationi, Alexander"]
[Black "Chassard, Cedric"]
[Result "0-1"]
[WhiteTitle "GM"]
[BlackTitle "FM"]
[WhiteElo "2406"]
[BlackElo "2250"]
[WhiteFideId "14104954"]
[BlackFideId "16243536"]
[EventDate "2025.06.17"]

1. e4 Nc6 2. d4 d5 3. Nc3 dxe4 4. d5 Nb8 5. Nxe4 c6 6. c4 Nf6 7. Nxf6+ exf6 8.
Nf3 Bb4+ 9. Bd2 Bxd2+ 10. Qxd2 O-O 11. O-O-O cxd5 12. Qxd5 Qc7 13. Bd3 Nc6 14.
Qh5 g6 15. Qh4 Nb4 16. Bb1 Be6 17. a3 Nc6 18. Qxf6 Bxc4 19. Bc2 Rac8 20. Kb1 Be6
21. Rc1 Qa5 22. h4 Nb4 23. Nd4 Nxc2 24. Nxe6 Nxa3+ 25. bxa3 Qb6+ 26. Ka2 fxe6
27. Rxc8 Rxc8 28. Qb2 Qc6 29. f3 Qd5+ 30. Ka1 Qd3 31. Rc1 Rxc1+ 32. Qxc1 Qd4+
33. Ka2 Qd5+ 34. Ka1 Qe5+ 35. Ka2 Kf7 36. Qh6 Qe2+ 37. Kb3 Qd3+ 38. Kb2 Qe2+ 39.
Kc3 Kg8 40. Qg5 Qe1+ 41. Kd3 Qd1+ 42. Kc3 Qa1+ 43. Kb3 Qb1+ 44. Ka4 Qd1+ 45. Kb4
Qd6+ 46. Kc3 Qxa3+ 47. Kc2 Qa4+ 48. Kd2 Qd7+ 49. Ke2 Qd5 50. Qe7 Qc4+ 51. Kf2
Qd4+ 52. Kg3 Qe5+ 53. Kh3 Qf5+ 54. Kh2 Qe5+ 55. Kh1 Qe1+ 56. Kh2 Qe5+ 57. Kg1
Qf5 58. Qxb7 Qf7 59. Qb2 Kf8 60. Qh8+ Ke7 61. Qa8 Kf6 62. Qd8+ Qe7 63. Qd4+ Kf7
64. h5 gxh5 65. Qe5 Kg6 66. Qh8 Qg7 67. Qa8 Qd4+ 68. Kf1 Qc4+ 69. Kf2 Qc5+ 70.
Kg3 Qe5+ 71. Kh3 Qf5+ 72. Kh2 Qe5+ 73. g3 a5 74. Qe8+ Kg7 75. Qe7+ Kh6 76. Qf8+
Qg7 77. Qf4+ Kg6 78. Qe4+ Kf7 79. Qb7+ Kg8 80. Qa8+ Qf8 81. Qe4 Qf5 82. Qc4 Qd5
83. Qc8+ Kf7 84. Qc7+ Kf6 85. Kg2 Qd2+ 86. Kh3 Qg5 87. Qd8+ Kg6 88. Qg8+ Kh6 89.
Qf8+ Qg7 90. Qc5 Qf6 91. Qc1+ Kg6 92. Kg2 Qe5 93. Qc2+ Kf6 94. Qxh7 Qe2+ 95. Kh3
Qxf3 96. Qh8+ Ke7 97. Qg7+ Qf7 98. Qg5+ Qf6 99. Qc5+ Kf7 100. Qc7+ Kg6 101. Kg2
Qf5 102. Qd8 Qd5+ 103. Kh3 Qxd8 0-1

[Event "Titled Tue 17th Jun Early"]
[Site "chess.com INT"]
[Date "2025.06.17"]
[Round "2"]
[White "Pham, Le Thao Nguyen"]
[Black "Howell, David W L"]
[Result "1-0"]
[WhiteTitle "IM"]
[BlackTitle "GM"]
[WhiteElo "2357"]
[BlackElo "2668"]
[WhiteFideId "12401226"]
[BlackFideId "410608"]
[EventDate "2025.06.17"]

1. d4 d5 2. c4 c6 3. cxd5 cxd5 4. Nc3 Nc6 5. Nf3 Nf6 6. Bf4 a6 7. e3 Bg4 8. Be2
Bxf3 9. Bxf3 e6 10. O-O Bd6 11. Bxd6 Qxd6 12. Rc1 O-O 13. a3 Rfc8 14. Na4 Nd7
15. Nc5 b6 16. Nxd7 Qxd7 17. Be2 Qb7 18. g3 g6 19. Qd3 a5 20. Rc3 Ne7 21. Rfc1
Rxc3 22. Rxc3 Rc8 23. Qc2 Kg7 24. Bd3 Rxc3 25. Qxc3 Nc8 26. h4 Nd6 27. Qc2 h6
28. Kg2 Qd7 29. Qc3 g5 30. hxg5 hxg5 31. Qc2 g4 32. Qc1 f5 33. Qh1 Qd8 34. Qh5
Nf7 35. Bb5 Qe7 36. Ba4 Ng5 37. Be8 Qf6 38. Bd7 Qe7 39. Be8 Qf6 40. Bd7 Qg6 41.
Qh4 Qh6 42. Qxh6+ Kxh6 43. Kf1 Kg6 44. Ke2 Kf6 45. Bc8 Ne4 46. Ba6 Nd6 47. Bd3
Nf7 48. Kd2 Nd6 49. Ke2 e5 50. dxe5+ Kxe5 51. Kd2 Nb7 52. Kc3 Nc5 53. Bc2 Ne6
54. Kd2 Ng5 55. Ke2 Nf3 56. Bd3 d4 57. exd4+ Nxd4+ 58. Ke3 Ne6 59. Bc4 Nc5 60.
Ba2 Na4 61. b4 axb4 62. axb4 Nc3 63. Bc4 Ne4 64. Bd3 Nf6 65. Bc4 Ne8 66. Bd3 Nd6
67. Be2 Nb7 68. Bd3 Nd8 69. Be2 Nc6 70. b5 Nd4 71. Bd3 Ne6 72. Bc4 Nc5 73. Be2
Nb7 74. Bc4 Nd6 75. Bd3 Nf7 76. Bc4 Ng5 77. Be2 Ne6 78. Bd3 f4+ 79. gxf4+ Nxf4
80. Bc4 Ng2+ 81. Ke2 Kf4 82. Kf1 Nh4 83. Ke2 Nf5 84. Bd3 Nd4+ 85. Kf1 Kf3 86.
Bc4 Kf4 87. Kg2 Nc2 88. Bd3 Nb4 89. Be2 Nd5 90. Bc4 Nc3 91. Bd3 Nd5 92. Bc4 Nf6
93. Bd3 Nh5 94. Bc4 Ng7 95. Bd3 Ne8 96. Be2 Nd6 97. Bd3 Nb7 98. Be2 Nc5 99. Bc4
Ne4 100. Bd3 1-0